| 000 | 00814nam a22001695i 4500 | ||
|---|---|---|---|
| 001 | 170719 | ||
| 003 | ES-MaACL | ||
| 005 | 20230906214436.0 | ||
| 008 | 090401s1876 sp |||| | spa d | ||
| 080 | _a821.134.2-2"18" | ||
| 100 | 1 |
_aGarcía Sánchez, Ramón. _955266 |
|
| 245 | 1 | 1 |
_a¡La ley de Dios! _b: cuadro dramático en un acto y en verso / _coriginal de Ramón García Sánchez. |
| 260 |
_aMadrid : _b[s.n.], _c1876 ( _fImp. de José Rodríguez) |
||
| 300 |
_a32 p. ; _c19 cm. |
||
| 500 | _aEn port.: Representada por primera vez con extraordinario éxito en el Teatro de Eslava la noche del 28 de marzo de 1876. | ||
| 852 |
_aES-MaACL _jF-8554(11) _z.- Enc. pasta española _q. - Falto de la cub. original _z. - Enc. en un vol. facticio, formando parte de la col. facticia "Teatro español moderno", v. 6 |
||
| 999 |
_c170719 _d170719 |
||